[Event "Lozovatsky memorial 2018"]
[Site "?"]
[Date "2018.01.15"]
[Round "8.1"]
[White "Bezgodov, Alexei"]
[Black "Gutenev, Alexander"]
[Result "1/2-1/2"]
[BlackElo "2485"]
[WhiteElo "2482"]
[LiveChessVersion "1.4.8"]

1. e4 {[%clk 1:30:57]} c5 {[%clk 1:26:03]} 2. Nf3 {[%clk 1:31:17]} Nc6
{[%clk 1:26:29]} 3. d4 {[%clk 1:31:42]} cxd4 {[%clk 1:26:52]} 4. Nxd4
{[%clk 1:32:08]} Nf6 {[%clk 1:26:30]} 5. Nc3 {[%clk 1:30:32]} d6 {[%clk 1:26:55]}
6. Bg5 {[%clk 1:30:52]} e6 {[%clk 1:27:04]} 7. Qd2 {[%clk 1:31:17]} Be7
{[%clk 1:27:28]} 8. O-O-O {[%clk 1:31:36]} O-O {[%clk 1:27:48]} 9. f4
{[%clk 1:31:56]} Nxd4 {[%clk 1:28:12]} 10. Qxd4 {[%clk 1:32:21]} Qa5
{[%clk 1:28:33]} 11. Bc4 {[%clk 1:32:26]} h6 {[%clk 1:28:02]} 12. Bh4
{[%clk 1:30:17]} Qh5 {[%clk 1:27:36]} 13. Bg3 {[%clk 1:30:35]} Rd8
{[%clk 1:27:47]} 14. Kb1 {[%clk 1:20:43]} Bd7 {[%clk 1:27:30]} 15. Rhf1 Rac8
{[%clk 1:27:00]} 16. Bb3 {[%clk 1:15:26]} a6 {[%clk 1:26:56]} 17. f5
{[%clk 0:59:26]} exf5 {[%clk 1:25:21]} 18. Nd5 {[%clk 0:59:28]} Nxd5
{[%clk 1:22:03]} 19. exd5 {[%clk 0:58:35]} Bf6 {[%clk 1:00:46]} 20. Qb4
{[%clk 0:51:15]} Be5 {[%clk 0:45:04]} 21. Bxe5 {[%clk 0:38:11]} dxe5
{[%clk 0:45:29]} 22. Qe7 {[%clk 0:38:02]} Bb5 {[%clk 0:29:55]} 23. c4
{[%clk 0:35:08]} Re8 {[%clk 0:24:29]} 24. Qxb7 {[%clk 0:30:15]} Bxc4
{[%clk 0:22:48]} 25. d6 {[%clk 0:20:12]} Bxb3 {[%clk 0:08:10]} 26. d7
{[%clk 0:18:18]} Be6 {[%clk 0:07:43]} 27. dxe8=Q+ {[%clk 0:18:24]} Rxe8
{[%clk 0:08:11]} 28. Qxa6 {[%clk 0:17:20]} Qxh2 {[%clk 0:08:03]} 29. Rd2
{[%clk 0:12:16]} e4 {[%clk 0:06:05]} 30. Qb6 {[%clk 0:08:51]} e3 {[%clk 0:05:10]}
31. Rd8 {[%clk 0:06:38]} Rxd8 {[%clk 0:05:32]} 32. Qxd8+ {[%clk 0:07:05]} Kh7
{[%clk 0:05:58]} 33. Qd3 {[%clk 0:06:59]} Qe5 {[%clk 0:02:20]} 34. Re1
{[%clk 0:04:32]} Bxa2+ {[%clk 0:02:42]} 35. Kxa2 {[%clk 0:05:00]} Qa5+
{[%clk 0:03:08]} 36. Kb3 {[%clk 0:05:23]} Qxe1 {[%clk 0:03:32]} 37. Qxf5+
{[%clk 0:05:49]} Kg8 {[%clk 0:03:58]} 1/2-1/2

[Event "Lozovatsky memorial 2018"]
[Site "?"]
[Date "2018.01.15"]
[Round "8.2"]
[White "Fakhrutdinov, Timur"]
[Black "Sitnikov, Anton"]
[Result "0-1"]
[BlackElo "2451"]
[WhiteElo "2417"]
[LiveChessVersion "1.4.8"]

1. e4 {[%clk 1:30:58]} e6 {[%clk 1:23:49]} 2. d4 {[%clk 1:31:21]} d5
{[%clk 1:24:14]} 3. Nc3 {[%clk 1:31:47]} Bb4 {[%clk 1:24:37]} 4. e5
{[%clk 1:32:12]} c5 {[%clk 1:24:59]} 5. a3 {[%clk 1:32:37]} Bxc3+
{[%clk 1:25:23]} 6. bxc3 {[%clk 1:33:01]} Qa5 {[%clk 1:25:45]} 7. Bd2
{[%clk 1:33:23]} Qa4 {[%clk 1:26:11]} 8. Qg4 {[%clk 1:33:28]} Kf8
{[%clk 1:17:28]} 9. h4 {[%clk 1:33:32]} Nd7 {[%clk 0:57:34]} 10. Qf4
{[%clk 1:14:39]} Qxc2 {[%clk 0:48:59]} 11. Rc1 {[%clk 0:52:42]} Qe4+
{[%clk 0:48:52]} 12. Qxe4 {[%clk 0:52:59]} dxe4 {[%clk 0:49:14]} 13. f3
{[%clk 0:52:57]} exf3 {[%clk 0:06:44]} 14. Nxf3 {[%clk 0:53:18]} h6
{[%clk 0:07:11]} 15. dxc5 {[%clk 0:35:42]} Nxc5 {[%clk 0:07:39]} 16. Be3
{[%clk 0:34:14]} Nd7 {[%clk 0:00:38]} 17. Bd3 {[%clk 0:27:51]} b6
{[%clk 0:00:35]} 18. Be4 {[%clk 0:23:35]} Rb8 {[%clk 0:01:04]} 19. Rd1
{[%clk 0:23:53]} Ne7 {[%clk 0:01:10]} 20. O-O {[%clk 0:24:08]} Ke8
{[%clk 0:01:23]} 21. Nd4 {[%clk 0:12:41]} Ba6 {[%clk 0:01:51]} 22. Nc6
{[%clk 0:10:51]} Bxf1 {[%clk 0:02:19]} 23. Nxb8 {[%clk 0:11:14]} Nxb8
{[%clk 0:00:41]} 24. Kxf1 {[%clk 0:11:39]} Nd7 {[%clk 0:00:38]} 25. c4
{[%clk 0:07:02]} Nf5 {[%clk 0:00:34]} 26. Bf2 {[%clk 0:05:50]} Nxe5
{[%clk 0:00:58]} 27. c5 {[%clk 0:05:41]} bxc5 {[%clk 0:00:54]} 28. Bxf5
{[%clk 0:03:57]} exf5 {[%clk 0:01:23]} 29. Bxc5 {[%clk 0:04:23]} f6
{[%clk 0:01:09]} 30. Bxa7 {[%clk 0:04:15]} Kf7 {[%clk 0:00:35]} 31. Bf2
{[%clk 0:04:43]} Ra8 {[%clk 0:00:41]} 32. Ra1 {[%clk 0:03:43]} Ra4
{[%clk 0:00:41]} 33. Ke2 {[%clk 0:02:28]} g5 {[%clk 0:00:37]} 34. hxg5
{[%clk 0:02:49]} hxg5 {[%clk 0:01:06]} 35. Bc5 {[%clk 0:02:31]} Rc4
{[%clk 0:00:32]} 36. Bf2 {[%clk 0:02:10]} Rc2+ {[%clk 0:00:47]} 37. Kf1
{[%clk 0:02:33]} f4 {[%clk 0:00:44]} 38. a4 {[%clk 0:02:33]} g4 {[%clk 0:00:58]}
39. a5 {[%clk 0:01:20]} g3 {[%clk 0:01:27]} 40. Bd4 {[%clk 0:01:01]} f3
{[%clk 0:01:56]} 41. Bxe5 {[%clk 0:00:58]} Rf2+ {[%clk 0:02:24]} 42. Kg1
{[%clk 0:00:39]} Rxg2+ {[%clk 0:02:50]} 43. Kf1 {[%clk 0:00:42]} fxe5
{[%clk 0:03:18]} 44. Ra3 {[%clk 0:00:37]} e4 {[%clk 0:03:29]} 45. a6
{[%clk 0:00:38]} Rh2 {[%clk 0:03:47]} 46. Ke1 {[%clk 0:00:59]} f2+
{[%clk 0:03:55]} 0-1

[Event "Lozovatsky memorial 2018"]
[Site "?"]
[Date "2018.01.15"]
[Round "8.3"]
[White "Simantsev, Mikhail"]
[Black "Tosic, Miroslav"]
[Result "1-0"]
[BlackElo "2416"]
[WhiteElo "2495"]
[LiveChessVersion "1.4.8"]

1. d4 {[%clk 1:29:56]} d5 {[%clk 1:30:20]} 2. c4 {[%clk 1:26:43]} e6
{[%clk 1:28:49]} 3. e3 {[%clk 1:26:11]} c5 {[%clk 1:26:29]} 4. cxd5
{[%clk 1:21:24]} exd5 {[%clk 1:25:23]} 5. Nf3 {[%clk 1:19:19]} Nf6
{[%clk 1:11:44]} 6. Bb5+ {[%clk 1:19:17]} Bd7 {[%clk 1:11:55]} 7. Bxd7+
{[%clk 1:19:24]} Nbxd7 {[%clk 1:12:17]} 8. dxc5 {[%clk 1:17:36]} Bxc5
{[%clk 1:12:36]} 9. O-O {[%clk 1:17:32]} O-O {[%clk 1:12:15]} 10. Nc3
{[%clk 1:17:45]} Nb6 {[%clk 1:12:30]} 11. b3 {[%clk 1:18:03]} Qe7
{[%clk 1:12:18]} 12. a4 {[%clk 1:10:59]} Rad8 {[%clk 1:11:13]} 13. Bb2
{[%clk 1:10:12]} Rfe8 {[%clk 1:11:23]} 14. Nb5 {[%clk 1:06:00]} Ne4
{[%clk 1:10:56]} 15. Nxa7 {[%clk 0:51:39]} Nc4 {[%clk 1:10:27]} 16. Bd4
{[%clk 0:45:38]} Bxa7 {[%clk 0:55:54]} 17. Bxa7 {[%clk 0:44:31]} b6
{[%clk 0:56:05]} 18. bxc4 {[%clk 0:43:07]} dxc4 {[%clk 0:56:30]} 19. Qc2
{[%clk 0:43:19]} Qxa7 {[%clk 0:56:55]} 20. Qxc4 {[%clk 0:43:46]} Rc8
{[%clk 0:55:59]} 21. Qb4 {[%clk 0:38:22]} Nc3 {[%clk 0:55:51]} 22. Nd4
{[%clk 0:36:29]} Rc5 {[%clk 0:54:29]} 23. h3 {[%clk 0:22:08]} h5 {[%clk 0:48:04]}
24. Ra3 {[%clk 0:19:09]} Rec8 {[%clk 0:45:07]} 25. Rxc3 {[%clk 0:13:44]} Rxc3
{[%clk 0:45:32]} 26. Nb5 {[%clk 0:14:08]} Qa5 {[%clk 0:45:56]} 27. Qxa5
{[%clk 0:14:36]} bxa5 {[%clk 0:46:21]} 28. Nxc3 {[%clk 0:15:04]} Rxc3
{[%clk 0:46:44]} 29. Rd1 {[%clk 0:15:33]} Ra3 {[%clk 0:46:58]} 30. Rd4
{[%clk 0:14:43]} g6 {[%clk 0:46:12]} 31. g4 {[%clk 0:12:03]} hxg4
{[%clk 0:45:10]} 32. hxg4 {[%clk 0:12:15]} Kf8 {[%clk 0:43:46]} 33. Kg2
{[%clk 0:11:19]} Ke7 {[%clk 0:43:45]} 34. Kf3 {[%clk 0:09:31]} Ra2
{[%clk 0:43:34]} 35. g5 {[%clk 0:09:32]} Ke6 {[%clk 0:43:08]} 36. Rf4
{[%clk 0:09:43]} Ke7 {[%clk 0:43:06]} 37. Kg4 {[%clk 0:08:58]} Rb2
{[%clk 0:37:01]} 38. Rd4 {[%clk 0:05:36]} Rxf2 {[%clk 0:25:11]} 39. Rd5
{[%clk 0:05:57]} f5+ {[%clk 0:22:37]} 40. gxf6+ {[%clk 0:04:15]} Kxf6
{[%clk 0:23:01]} 41. Rxa5 {[%clk 0:04:41]} Rf1 {[%clk 0:19:27]} 42. Ra8
{[%clk 0:04:51]} Ke5 {[%clk 0:14:10]} 43. a5 {[%clk 0:01:44]} Rg1+
{[%clk 0:12:52]} 44. Kf3 {[%clk 0:01:00]} Kd6 {[%clk 0:05:04]} 45. a6
{[%clk 0:00:53]} Kc7 {[%clk 0:04:37]} 46. Re8 {[%clk 0:01:03]} Kb6
{[%clk 0:04:11]} 47. Re6+ {[%clk 0:01:31]} Ka7 {[%clk 0:04:35]} 48. Kf2
{[%clk 0:01:20]} Rg4 {[%clk 0:04:54]} 49. Kf3 {[%clk 0:01:28]} Rg1
{[%clk 0:05:21]} 50. e4 {[%clk 0:01:44]} g5 {[%clk 0:05:44]} 51. Rg6
{[%clk 0:01:13]} Re1 {[%clk 0:04:46]} 52. Rxg5 {[%clk 0:01:14]} Kxa6
{[%clk 0:05:05]} 53. Rc5 {[%clk 0:01:39]} Kb6 {[%clk 0:03:58]} 54. Rc2
{[%clk 0:01:58]} Rf1+ {[%clk 0:02:35]} 55. Kg4 {[%clk 0:02:21]} Rf7
{[%clk 0:03:01]} 56. e5 {[%clk 0:02:21]} Rc7 {[%clk 0:03:17]} 57. Rxc7
{[%clk 0:02:31]} Kxc7 {[%clk 0:03:45]} 58. Kf5 {[%clk 0:02:56]} Kd8
{[%clk 0:03:28]} 59. Ke4 1-0

[Event "Lozovatsky memorial 2018"]
[Site "?"]
[Date "2018.01.15"]
[Round "8.4"]
[White "Mischuk, Dmitry"]
[Black "Kholopov, Alexander A"]
[Result "1-0"]
[BlackElo "2305"]
[WhiteElo "2382"]
[LiveChessVersion "1.4.8"]

1. e4 {[%clk 1:30:55]} d6 {[%clk 1:30:57]} 2. d4 {[%clk 1:30:51]} Nf6
{[%clk 1:31:23]} 3. Nc3 {[%clk 1:30:46]} e5 {[%clk 1:31:49]} 4. Nge2
{[%clk 1:30:57]} Be7 {[%clk 1:28:41]} 5. g3 {[%clk 1:31:22]} O-O {[%clk 1:29:08]}
6. Bg2 {[%clk 1:31:50]} c6 {[%clk 1:28:05]} 7. a4 {[%clk 1:31:57]} Nbd7
{[%clk 1:25:35]} 8. O-O {[%clk 1:32:10]} Re8 {[%clk 1:24:41]} 9. h3
{[%clk 1:32:22]} Bf8 {[%clk 1:25:05]} 10. d5 {[%clk 1:27:01]} h6 {[%clk 1:17:51]}
11. Be3 {[%clk 1:27:03]} c5 {[%clk 1:09:27]} 12. a5 {[%clk 1:24:45]} g6
{[%clk 1:07:48]} 13. Qd2 {[%clk 1:20:39]} Kh7 {[%clk 1:08:12]} 14. Kh2
{[%clk 1:17:59]} Rb8 {[%clk 1:08:16]} 15. Nb5 {[%clk 1:16:14]} a6
{[%clk 1:08:41]} 16. Na7 {[%clk 1:16:33]} Ng8 {[%clk 1:06:33]} 17. b4
{[%clk 1:13:06]} Qc7 {[%clk 1:05:57]} 18. b5 {[%clk 1:12:38]} axb5
{[%clk 1:06:23]} 19. Nxb5 {[%clk 1:13:05]} Qd8 {[%clk 1:06:50]} 20. Na7
{[%clk 1:05:50]} h5 {[%clk 1:06:37]} 21. Rfb1 {[%clk 1:03:35]} Ra8
{[%clk 1:04:57]} 22. Nxc8 {[%clk 1:03:15]} Qxc8 {[%clk 1:05:22]} 23. Nc3
{[%clk 1:02:58]} Bh6 {[%clk 1:05:02]} 24. Bxh6 {[%clk 1:01:18]} Nxh6
{[%clk 1:05:27]} 25. Bf1 {[%clk 1:00:40]} h4 {[%clk 1:01:23]} 26. Bb5
{[%clk 1:00:15]} Rh8 {[%clk 0:59:50]} 27. g4 {[%clk 0:56:35]} f5 {[%clk 0:59:16]}
28. exf5 {[%clk 0:51:44]} gxf5 {[%clk 0:59:40]} 29. gxf5 {[%clk 0:51:38]} Nf6
{[%clk 0:59:20]} 30. Qg5 {[%clk 0:51:17]} Qxf5 {[%clk 0:56:17]} 31. Bd3
{[%clk 0:50:46]} e4 {[%clk 0:56:42]} 32. Rxb7+ {[%clk 0:51:08]} 1-0

[Event "Lozovatsky memorial 2018"]
[Site "?"]
[Date "2018.01.15"]
[Round "8.6"]
[White "Radzhabov, Rodion"]
[Black "Gnusarev, Pavel"]
[Result "1/2-1/2"]
[BlackElo "2294"]
[WhiteElo "2314"]
[LiveChessVersion "1.4.8"]

1. e4 {[%clk 1:30:57]} c5 {[%clk 1:30:47]} 2. Nf3 {[%clk 1:31:20]} e6
{[%clk 1:30:51]} 3. b3 {[%clk 1:31:40]} Nc6 {[%clk 1:29:26]} 4. Bb2
{[%clk 1:32:02]} d5 {[%clk 1:28:49]} 5. exd5 {[%clk 1:24:09]} exd5
{[%clk 1:28:17]} 6. Bb5 {[%clk 1:20:21]} Nf6 {[%clk 1:27:25]} 7. O-O
{[%clk 1:18:54]} Be7 {[%clk 1:24:44]} 8. d4 {[%clk 1:16:51]} O-O {[%clk 1:23:44]}
9. h3 {[%clk 1:14:20]} Ne4 {[%clk 1:06:35]} 10. Nc3 {[%clk 1:03:53]} Bf6
{[%clk 0:49:40]} 11. Bxc6 {[%clk 0:53:46]} bxc6 {[%clk 0:43:39]} 12. Nxe4
{[%clk 0:47:47]} dxe4 {[%clk 0:44:04]} 13. Ne5 {[%clk 0:48:10]} Qc7
{[%clk 0:20:17]} 14. f4 {[%clk 0:43:39]} exf3 {[%clk 0:06:39]} 15. Rxf3
{[%clk 0:39:44]} Be7 {[%clk 0:05:58]} 16. Qe2 {[%clk 0:36:30]} Be6
{[%clk 0:05:31]} 17. c4 {[%clk 0:29:38]} cxd4 {[%clk 0:04:23]} 18. Bxd4
{[%clk 0:30:01]} Rad8 {[%clk 0:04:38]} 19. Bc3 {[%clk 0:30:00]} Bc5+
{[%clk 0:02:39]} 20. Kh1 {[%clk 0:29:34]} Bd4 {[%clk 0:02:58]} 21. Re1
{[%clk 0:28:06]} Bxc3 {[%clk 0:03:12]} 22. Rxc3 {[%clk 0:28:29]} Rd4
{[%clk 0:02:54]} 23. Nf3 {[%clk 0:27:55]} Rdd8 {[%clk 0:02:06]} 24. Qe5
{[%clk 0:25:24]} Qb6 {[%clk 0:01:37]} 25. Ng5 {[%clk 0:22:23]} Bd7
{[%clk 0:01:00]} 26. Qe4 {[%clk 0:18:49]} f5 {[%clk 0:01:26]} 27. Qh4
{[%clk 0:19:06]} h6 {[%clk 0:01:50]} 28. Nf3 {[%clk 0:19:10]} Rfe8
{[%clk 0:02:00]} 29. Ne5 {[%clk 0:18:40]} Bc8 {[%clk 0:01:49]} 30. c5
{[%clk 0:16:44]} Qc7 {[%clk 0:01:59]} 31. Rce3 {[%clk 0:17:08]} Rd5
{[%clk 0:01:28]} 32. Nc4 {[%clk 0:16:35]} Rxe3 {[%clk 0:01:53]} 33. Rxe3
{[%clk 0:16:46]} Rd1+ {[%clk 0:01:44]} 34. Re1 {[%clk 0:17:11]} g5
{[%clk 0:01:50]} 35. Qf2 {[%clk 0:17:29]} Qf4 {[%clk 0:02:14]} 36. Qe2
{[%clk 0:17:23]} Rxe1+ {[%clk 0:02:23]} 37. Qxe1 {[%clk 0:17:52]} Kf8
{[%clk 0:00:47]} 38. Qa1 {[%clk 0:16:47]} Kg8 {[%clk 0:00:35]} 39. Qe5
{[%clk 0:13:53]} Qxe5 {[%clk 0:00:37]} 40. Nxe5 {[%clk 0:14:21]} Bb7
{[%clk 0:00:58]} 41. Nc4 {[%clk 0:14:48]} Bc8 {[%clk 0:01:03]} 42. Ne5
{[%clk 0:12:16]} Bb7 {[%clk 0:01:32]} 43. Kg1 {[%clk 0:05:19]} Kg7
{[%clk 0:01:59]} 44. Nc4 {[%clk 0:03:10]} Bc8 {[%clk 0:02:20]} 45. Ne5
{[%clk 0:02:50]} Bb7 {[%clk 0:02:46]} 46. Kf2 {[%clk 0:01:44]} Kf6
{[%clk 0:02:59]} 47. Nc4 {[%clk 0:02:10]} Bc8 {[%clk 0:03:08]} 48. g3
{[%clk 0:01:59]} Be6 {[%clk 0:03:13]} 49. Na5 {[%clk 0:00:42]} Bd5
{[%clk 0:02:40]} 50. b4 {[%clk 0:00:57]} Ke5 {[%clk 0:02:54]} 51. Ke3
{[%clk 0:00:52]} f4+ {[%clk 0:02:38]} 52. gxf4+ {[%clk 0:01:14]} gxf4+
{[%clk 0:03:06]} 53. Kf2 {[%clk 0:01:37]} Kd4 {[%clk 0:02:50]} 54. a3
{[%clk 0:00:58]} Kc3 {[%clk 0:02:45]} 55. b5 {[%clk 0:00:56]} cxb5
{[%clk 0:02:45]} 56. c6 {[%clk 0:01:24]} Kb2 {[%clk 0:01:17]} 57. c7
{[%clk 0:01:43]} Be6 {[%clk 0:01:43]} 58. Nc6 {[%clk 0:01:28]} a6
{[%clk 0:00:41]} 59. Kf3 {[%clk 0:00:36]} Kxa3 {[%clk 0:00:37]} 60. Kxf4
{[%clk 0:01:01]} Bxh3 {[%clk 0:00:33]} 61. Ke5 {[%clk 0:00:51]} Bc8 62. Ke4
1/2-1/2

[Event "Lozovatsky memorial 2018"]
[Site "?"]
[Date "2018.01.15"]
[Round "8.7"]
[White "Chos, Alexey"]
[Black "Tologontegin, Semetey"]
[Result "0-1"]
[BlackElo "2409"]
[WhiteElo "2317"]
[LiveChessVersion "1.4.8"]

1. e4 {[%clk 1:30:58]} g6 {[%clk 1:28:45]} 2. d4 {[%clk 1:31:01]} Bg7
{[%clk 1:29:08]} 3. c4 {[%clk 1:31:24]} d6 {[%clk 1:29:05]} 4. Nc3
{[%clk 1:31:37]} e5 {[%clk 1:28:25]} 5. d5 {[%clk 1:31:29]} Nd7 {[%clk 1:28:05]}
6. h4 {[%clk 1:28:02]} h5 {[%clk 1:28:23]} 7. Nf3 {[%clk 1:27:27]} a5
{[%clk 1:28:23]} 8. Ng5 {[%clk 1:25:15]} Nc5 {[%clk 1:16:39]} 9. Na4
{[%clk 1:24:12]} f6 {[%clk 1:14:37]} 10. Nxc5 {[%clk 1:24:24]} dxc5
{[%clk 1:14:54]} 11. Nh3 {[%clk 1:23:48]} Bh6 {[%clk 1:15:10]} 12. Qb3
{[%clk 1:19:43]} b6 {[%clk 1:14:13]} 13. Qg3 {[%clk 1:19:23]} Bxc1
{[%clk 0:46:43]} 14. Qxg6+ {[%clk 1:18:28]} Kf8 {[%clk 0:44:55]} 15. Rxc1
{[%clk 1:17:53]} Bg4 {[%clk 0:44:54]} 16. Ng5 {[%clk 1:17:58]} fxg5
{[%clk 0:44:37]} 17. f3 {[%clk 1:18:15]} Bd7 {[%clk 0:40:12]} 18. hxg5
{[%clk 1:14:19]} Qe8 {[%clk 0:39:32]} 19. Qxe8+ {[%clk 1:14:38]} Rxe8
{[%clk 0:39:11]} 20. Bd3 {[%clk 1:14:45]} Ne7 {[%clk 0:38:26]} 21. g3
{[%clk 1:14:58]} Ng6 {[%clk 0:38:26]} 22. f4 {[%clk 1:14:51]} exf4
{[%clk 0:38:18]} 23. gxf4 {[%clk 1:15:15]} Kg7 {[%clk 0:37:35]} 24. O-O
{[%clk 1:15:28]} Ref8 {[%clk 0:35:22]} 25. f5 {[%clk 1:15:27]} Ne5
{[%clk 0:35:51]} 26. Be2 {[%clk 1:15:46]} Nf7 {[%clk 0:35:00]} 27. Bd3
{[%clk 1:15:05]} Ne5 {[%clk 0:28:51]} 28. Be2 {[%clk 1:15:08]} Re8
{[%clk 0:28:41]} 29. Rf4 {[%clk 1:14:53]} Nf7 {[%clk 0:28:34]} 30. Kf2
{[%clk 1:07:07]} Nxg5 {[%clk 0:28:18]} 31. Ke3 {[%clk 1:06:09]} Kf6
{[%clk 0:22:02]} 32. Rh1 {[%clk 1:06:20]} Re7 {[%clk 0:22:08]} 33. Bd3
{[%clk 1:04:50]} Be8 {[%clk 0:21:48]} 34. Rfh4 {[%clk 1:05:01]} Bf7
{[%clk 0:19:59]} 35. Kf4 {[%clk 1:04:44]} Rhe8 {[%clk 0:20:11]} 36. Re1
{[%clk 1:04:36]} Re5 {[%clk 0:20:12]} 37. Re2 {[%clk 1:04:21]} R8e7
{[%clk 0:20:19]} 38. Rhh2 {[%clk 1:04:18]} Be8 {[%clk 0:20:19]} 39. Rhg2
{[%clk 1:04:32]} Rg7 {[%clk 0:20:23]} 40. Rh2 {[%clk 1:04:00]} Rg8
{[%clk 0:19:27]} 41. b3 {[%clk 1:03:50]} Bf7 {[%clk 0:19:27]} 42. a4
{[%clk 1:03:49]} Rg7 {[%clk 0:18:51]} 43. Re3 {[%clk 1:03:47]} Nh7
{[%clk 0:18:19]} 44. Rg3 {[%clk 1:00:59]} Rxg3 {[%clk 0:16:14]} 45. Kxg3
{[%clk 1:01:28]} Kg5 {[%clk 0:16:28]} 46. Kf3 {[%clk 1:01:48]} Nf6
{[%clk 0:16:45]} 47. Rg2+ {[%clk 1:00:30]} Ng4 {[%clk 0:17:07]} 48. Rg1
{[%clk 1:00:35]} Be8 {[%clk 0:17:07]} 49. Bc2 {[%clk 0:59:55]} Re7
{[%clk 0:17:11]} 50. Bb1 {[%clk 0:59:56]} Bd7 {[%clk 0:17:21]} 51. Rd1
{[%clk 0:54:25]} Bxf5 {[%clk 0:14:18]} 52. d6 {[%clk 0:53:02]} cxd6
{[%clk 0:14:35]} 53. Rxd6 {[%clk 0:53:15]} Re6 {[%clk 0:14:40]} 54. Rd8
{[%clk 0:52:52]} Bg6 {[%clk 0:14:34]} 55. Rg8 {[%clk 0:52:58]} h4
{[%clk 0:14:07]} 56. Kg2 {[%clk 0:53:22]} Rf6 {[%clk 0:13:48]} 57. e5
{[%clk 0:53:38]} Nxe5 {[%clk 0:13:39]} 58. Be4 {[%clk 0:54:02]} Kg4
{[%clk 0:13:35]} 59. Rg7 {[%clk 0:54:10]} h3+ {[%clk 0:13:31]} 60. Kh2
{[%clk 0:54:35]} Rf2+ {[%clk 0:13:42]} 61. Kg1 {[%clk 0:54:58]} 0-1